000 00764nam a22002172 4500
001 0000025113
005 20151217154514.0
008 141127s xx 000 0 eng d
020 _a9966447791 :
040 _aKABU
_cKABU
245 1 0 _aKiswahili kitukuzwe :
_bkidato cha 1, 2, 3, 4.
260 _aNairobi :
_bKenya Literature Bureau,
_c2008-11.
300 _a4 vols. (various pagings) ;
650 0 _aSwahili language
_xGrammar.
_@0000178365
710 2 _aKenya.
_bMinistry of Education.
_@0000170496
852 1 _9p603 KES
852 1 _9p622 KES
852 1 _9p496 KES
908 _a141127
950 _@1
999 _c11618
_d11618